[Event "Vienna Husek op-A"]
[Site "Vienna"]
[Date "2012.08.14"]
[Round "2"]
[White "Pliev, Vladimir"]
[Black "Chytilek, Roman"]
[Result "0-1"]
[WhiteElo "2067"]
[BlackElo "2396"]
[PlyCount "74"]
[EventDate "2012.08.13"]
[EventType "swiss"]
[EventRounds "7"]
[EventCountry "AUT"]
[SourceTitle "CBM 149 Extra"]
[Source "ChessBase"]
[SourceDate "2012.08.24"]
[SourceVersion "1"]
[SourceVersionDate "2012.08.24"]
[SourceQuality "1"]

1. d4 Nf6 2. Bf4 d6 3. Nf3 g6 4. e3 Bg7 5. Bd3 0-0 6. c3 Nbd7 7. Qc2 Qe8 8. Nbd2 e5 9. Bg5 Nh5 10. 0-0 f5 11. dxe5 dxe5 12. Bc4+ Kh8 13. h3 h6 14. Bh4 g5 15. Bg3 Nxg3 16. fxg3 Nf6 17. a4 Nh5 18. g4 Ng3 19. gxf5 Nxf1 20. Rxf1 Bxf5 21. e4 Bd7 22. b3 Qe7 23. b4 a5 24. b5 g4 25. hxg4 Bxg4 26. Be2 Rad8 27. Nb3 b6 28. Qc1 Rd6 29. c4 h5 30. c5 Rg6 31. Qc3 h4 32. Qe1 Bxf3 33. Rxf3 Rxf3 34. Bxf3 Bh6 35. Bh5 Rg3 36. Qd1 h3 37. Bf3 Be3+ 0-1

[Event "Torino 150 Italy Unity op"]
[Site "Torino"]
[Date "2011.06.04"]
[Round "6"]
[White "Angelini, Marco"]
[Black "Pliev, Vladimir"]
[Result "1/2-1/2"]
[WhiteElo "2180"]
[BlackElo "2049"]
[PlyCount "94"]
[EventDate "2011.05.31"]
[EventType "swiss"]
[EventRounds "9"]
[EventCountry "ITA"]
[SourceTitle "EXT 2014"]
[Source "ChessBase"]
[SourceDate "2013.11.20"]
[SourceVersion "1"]
[SourceVersionDate "2013.11.20"]
[SourceQuality "1"]

1. e4 e5 2. Nf3 Nc6 3. d4 exd4 4. Nxd4 Nf6 5. Nxc6 bxc6 6. e5 Qe7 7. Qe2 Nd5 8. c4 Nb6 9. Nc3 d5 10. exd6 cxd6 11. b3 Bf5 12. Ba3 0-0-0 13. 0-0-0 Qg5+ 14. Qd2 Be7 15. g3 Bg4 16. Be2 Bxe2 17. Nxe2 d5 18. Qxg5 Bxg5+ 19. f4 Bf6 20. cxd5 Nxd5 21. Bc5 Kb7 22. Rd3 Rhe8 23. Kd2 a5 24. a3 Re4 25. Rf1 Rde8 26. Rf2 g6 27. Bd4 Be7 28. Nc3 Rxd4 29. Rxd4 Nxc3 30. Kxc3 Bf6 31. Kc4 Bxd4 32. Kxd4 Kb6 33. a4 h5 34. f5 Rd8+ 35. Ke4 Rd5 36. fxg6 fxg6 37. h3 Rg5 38. Rf3 Kc5 39. Kd3 Kd5 40. Re3 Rf5 41. Kc3 Kc5 42. g4 hxg4 43. hxg4 Rf4 44. Re5+ Kb6 45. Rg5 Rf3+ 46. Kb2 Rf2+ 47. Ka3 Rf6 1/2-1/2

[Event "Hradec Kralove op"]
[Site "Hradec Kralove"]
[Date "2010.05.15"]
[Round "1"]
[White "Pliev, Vladimir"]
[Black "Bastyr, Pavel"]
[Result "1-0"]
[WhiteElo "2041"]
[BlackElo "1610"]
[PlyCount "77"]
[EventDate "2010.05.15"]
[EventType "swiss"]
[EventRounds "9"]
[EventCountry "CZE"]
[SourceTitle "CBM 136 Extra"]
[Source "ChessBase"]
[SourceDate "2010.07.02"]
[SourceVersion "2"]
[SourceVersionDate "2010.07.15"]
[SourceQuality "1"]

1. e4 c6 2. d4 d5 3. exd5 cxd5 4. c4 Nf6 5. Nc3 Nc6 6. Nf3 Bg4 7. Be3 e6 8. c5 Be7 9. Qb3 Qb8 10. Bb5 0-0 11. Qa4 Bxf3 12. gxf3 Qc7 13. h4 Nh5 14. Ne2 Bf6 15. 0-0-0 Rfc8 16. Kb1 a6 17. Bd3 b6 18. Rc1 bxc5 19. Rxc5 Be7 20. Rc3 Qb7 21. Rhc1 Rcb8 22. Rb3 Nb4 23. a3 a5 24. axb4 axb4 25. Qc6 Qa7 26. Rc5 Bxc5 27. dxc5 Qa1+ 28. Kc2 Qh1 29. Rxb4 Rc8 30. Qb7 Qxf3 31. c6 d4 32. Nxd4 Qf6 33. Nb5 Rab8 34. Qd7 Rd8 35. Qc7 Rbc8 36. Qb6 Rb8 37. Qc5 Rd5 38. Qc3 Qd8 39. c7 1-0

[Event "Prague op-B 08th"]
[Site "Prague"]
[Date "2009.01.13"]
[Round "6"]
[White "Bartos, Jan"]
[Black "Pliev, Vladimir"]
[Result "1-0"]
[WhiteElo "2172"]
[BlackElo "2048"]
[PlyCount "71"]
[EventDate "2009.01.09"]
[EventType "swiss"]
[EventRounds "9"]
[EventCountry "CZE"]
[SourceTitle "EXT 2010"]
[Source "ChessBase"]
[SourceDate "2010.11.25"]
[SourceVersion "1"]
[SourceVersionDate "2010.11.25"]
[SourceQuality "1"]

1. d4 Nf6 2. Nf3 g6 3. c4 Bg7 4. Nc3 d5 5. Bg5 Ne4 6. Bh4 Nxc3 7. bxc3 c5 8. cxd5 Qxd5 9. e3 cxd4 10. cxd4 Nc6 11. Be2 0-0 12. 0-0 Bf5 13. Nd2 e5 14. Bf3 e4 15. Be2 Na5 16. Qb1 h5 17. h3 Rfe8 18. Rc1 Rac8 19. Rxc8 Rxc8 20. g4 hxg4 21. hxg4 Be6 22. Nxe4 Rc1+ 23. Qxc1 Qxe4 24. f3 Qd5 25. Qd2 Nc4 26. Bxc4 Qxc4 27. Rc1 Qd5 28. Kf2 Qd6 29. Bg3 Qb6 30. Be5 f6 31. Bc7 Qb5 32. Bf4 g5 33. Bg3 Bf8 34. Qc2 Qa5 35. Qg6+ Bg7 36. Qe8+ 1-0

[Event "Prague op-B 08th"]
[Site "Prague"]
[Date "2009.01.09"]
[Round "1"]
[White "Litvinova, Oxana"]
[Black "Pliev, Vladimir"]
[Result "0-1"]
[WhiteElo "1655"]
[BlackElo "2048"]
[PlyCount "44"]
[EventDate "2009.01.09"]
[EventType "swiss"]
[EventRounds "9"]
[EventCountry "CZE"]
[SourceTitle "EXT 2010"]
[Source "ChessBase"]
[SourceDate "2010.11.25"]
[SourceVersion "1"]
[SourceVersionDate "2010.11.25"]
[SourceQuality "1"]

1. e4 c5 2. Nf3 e6 3. d4 cxd4 4. Nxd4 a6 5. Nc3 b5 6. a4 b4 7. Na2 Bb7 8. Bd3 Nc6 9. Be3 Nf6 10. Nxc6 Bxc6 11. Bg5 h6 12. Bxf6 Qxf6 13. b3 Bc5 14. 0-0 0-0 15. Rb1 d5 16. exd5 Bxd5 17. Qe2 Qg5 18. g3 h5 19. Bc4 Bb7 20. Rfe1 Qf5 21. Bd3 Qf6 22. Qd2 Qf3 0-1

[Event "Moscow op-B 04th"]
[Site "Moscow"]
[Date "2008.02.08"]
[Round "7"]
[White "Pliev, Vladimir"]
[Black "Pikulev, Vyacheslav"]
[Result "0-1"]
[WhiteElo "2063"]
[BlackElo "2215"]
[PlyCount "120"]
[EventDate "2008.02.02"]
[EventType "swiss"]
[EventRounds "9"]
[EventCountry "RUS"]
[SourceTitle "CBM 122 Extra"]
[Source "ChessBase"]
[SourceDate "2008.03.04"]
[SourceVersion "1"]
[SourceVersionDate "2008.03.04"]
[SourceQuality "1"]

1. e4 e6 2. d4 d5 3. Nc3 Nf6 4. Bg5 Be7 5. e5 Nfd7 6. h4 h6 7. Bxe7 Qxe7 8. Qg4 f5 9. exf6 Nxf6 10. Qg3 0-0 11. Bd3 c5 12. dxc5 Qxc5 13. 0-0-0 Bd7 14. Nf3 b5 15. Ne5 b4 16. Ne2 Nc6 17. Nxd7 Nxd7 18. Qg6 Rf6 19. Qh7+ Kf7 20. h5 Ne7 21. Rh3 Rg8 22. Bg6+ Kf8 23. Nd4 e5 24. Bf5 Nxf5 25. Nxf5 Rc6 26. Ne3 d4 27. Qf5+ Ke7 28. Ng4 Rf8 29. Qh7 Kd8 30. Rf3 Rxf3 31. gxf3 Qc4 32. Qe4 Rc5 33. b3 Qa6 34. Nxe5 Rxe5 35. Qxd4 Re7 36. Qxb4 Ke8 37. a4 Qf6 38. Qb7 Qa1+ 39. Kd2 Qd4+ 40. Kc1 Qf4+ 41. Kb1 Nf6 42. Qc8+ Kf7 43. Rd8 Ne8 44. Qc6 Qf6 45. Qc4+ Kf8 46. Rd4 Nd6 47. Qb4 Nf5 48. Rd8+ Kf7 49. Qc4+ Qe6 50. Qf4 Rd7 51. Rb8 Rd4 52. Qc7+ Rd7 53. Qf4 a6 54. a5 Ke7 55. Rb6 Rd6 56. Rb7+ Kf6 57. Rb8 Qe1+ 58. Ka2 Qxa5+ 59. Kb2 Rd1 60. Rf8+ Ke7 0-1

[Event "Moscow op-B 04th"]
[Site "Moscow"]
[Date "2008.02.02"]
[Round "1"]
[White "Pliev, Vladimir"]
[Black "Derbenev, Andrey"]
[Result "0-1"]
[WhiteElo "2063"]
[BlackElo "2296"]
[PlyCount "62"]
[EventDate "2008.02.02"]
[EventType "swiss"]
[EventRounds "9"]
[EventCountry "RUS"]
[SourceTitle "CBM 122 Extra"]
[Source "ChessBase"]
[SourceDate "2008.03.04"]
[SourceVersion "1"]
[SourceVersionDate "2008.03.04"]
[SourceQuality "1"]

1. e4 c6 2. d4 d5 3. exd5 cxd5 4. c4 Nf6 5. Nc3 Nc6 6. cxd5 Nxd5 7. Bb5 Nc7 8. Ba4 b5 9. Bxb5 Nxb5 10. Nxb5 Rb8 11. a4 a6 12. d5 Nb4 13. Nc3 Bf5 14. g4 Bg6 15. Kf1 Bc2 16. Qf3 Bb3 17. Bf4 Rc8 18. d6 e6 19. Qb7 Bc4+ 20. Nge2 Nd5 21. d7+ Qxd7 22. Qxd7+ Kxd7 23. Kg2 Bxe2 24. Nxe2 Rc2 25. Kf3 Rxe2 26. Kxe2 Nxf4+ 27. Kf3 Nd5 28. Rhd1 Bd6 29. h4 Rb8 30. Rd2 Rb4 31. Rad1 Be5 0-1

[Event "Cesky Krumlov op 1st"]
[Site "Cesky Krumlov"]
[Date "2007.10.19"]
[Round "8"]
[White "Pliev, Vladimir"]
[Black "Ruzicka, Ales"]
[Result "1-0"]
[WhiteElo "2055"]
[BlackElo "1950"]
[PlyCount "77"]
[EventDate "2007.10.13"]
[EventType "swiss"]
[EventRounds "9"]
[EventCountry "CZE"]
[SourceTitle "EXT 2008"]
[Source "ChessBase"]
[SourceDate "2007.11.25"]
[SourceVersion "1"]
[SourceVersionDate "2007.11.25"]
[SourceQuality "1"]

1. e4 c5 2. Nf3 d6 3. c4 Nf6 4. Nc3 g6 5. d4 Nc6 6. h3 Bg7 7. Be3 b6 8. Qd2 0-0 9. d5 Nb4 10. a3 Na6 11. Bh6 Nc7 12. Bxg7 Kxg7 13. Bd3 a6 14. 0-0 Rb8 15. b4 Nd7 16. Qe2 e6 17. Nd2 exd5 18. Nxd5 Nxd5 19. cxd5 b5 20. f4 c4 21. Bc2 Re8 22. Nf3 Bb7 23. Qd2 Qb6+ 24. Kh1 Ra8 25. Qc3+ Kg8 26. Nd4 a5 27. f5 axb4 28. axb4 Rxa1 29. Rxa1 Ra8 30. Rf1 Ne5 31. f6 h6 32. Nf3 Nxf3 33. Qxf3 Qd4 34. Qf4 Ra1 35. Bb1 c3 36. Qxh6 Qxf6 37. Rxf6 Rxb1+ 38. Kh2 c2 39. Rxd6 1-0

[Event "Cesky Krumlov op 1st"]
[Site "Cesky Krumlov"]
[Date "2007.10.15"]
[Round "4"]
[White "Pliev, Vladimir"]
[Black "Havlik, Jan"]
[Result "1/2-1/2"]
[WhiteElo "2055"]
[BlackElo "2238"]
[PlyCount "49"]
[EventDate "2007.10.13"]
[EventType "swiss"]
[EventRounds "9"]
[EventCountry "CZE"]
[SourceTitle "EXT 2008"]
[Source "ChessBase"]
[SourceDate "2007.11.25"]
[SourceVersion "1"]
[SourceVersionDate "2007.11.25"]
[SourceQuality "1"]

1. e4 c5 2. Nf3 Nc6 3. d4 cxd4 4. c3 dxc3 5. Nxc3 e6 6. Bc4 Nge7 7. 0-0 Ng6 8. Qe2 Be7 9. Rd1 a6 10. Be3 b5 11. Bb3 Na5 12. Bd4 0-0 13. Qe3 Nxb3 14. axb3 Bb7 15. Bb6 Qe8 16. Bc7 Bd8 17. Bd6 Be7 18. Qb6 Qc8 19. Bxe7 Nxe7 20. Qd6 Nc6 21. e5 Rd8 22. Rac1 Qb8 23. Qc5 Na5 24. Nd4 Nc6 25. Nf3 1/2-1/2